000 00577cab a2200217 4500
001 X3401
008 090401t1996 xxu||||| |||| 00| 0 eng d
035 _a(Sirsi) u30247
041 _aeng
245 _aParty wall Bill gets second reading
260 _c1996
350 _a0
490 _aCSM (Chartered Surveyor Monthly)
_v5(6) March 1996, 50(1)
650 _aLONDON BUILDING ACTS
650 _aPARTY WALL BILL
650 _aParty walls
_96258
690 _aBUILT ENVIRONMENT
690 _aBUILT ENVIRONMENT-BUILDING INSPECTION
942 _n0
948 _c04/03/1997
999 _c20379
_d20379